000 00391cam a2200157ua 4500
003 OSt
005 20260213113103.0
008 260213b |||||||| |||| 00| 0 eng d
041 _aeng
082 _a028.7335
_bGOV/SU
245 _aSupplementary glossary of administrative terms /
250 _a1 /
260 _aKerala :
_bGovernment of Kerala ,
_c1966.
300 _a60 ; .
942 _cBK
999 _c9889
_d9889